| 000 | 04679cam a22005054a 4500 | ||
|---|---|---|---|
| 001 | 16483400 | ||
| 005 | 20110615132842.0 | ||
| 008 | 100928s2011 nyu b 001 0 eng | ||
| 010 | _a 2010041766 | ||
| 016 | 7 |
_a101542408 _2DNLM |
|
| 020 | _a0071545271 (alk. paper) | ||
| 020 | _a9780071545273 (alk. paper) | ||
| 035 | _a(OCoLC)ocn667592582 | ||
| 040 |
_aDNLM/DLC _cDLC _dYDX _dNLM _dYDXCP _dILC _dCDX _dVET _dDLC |
||
| 042 | _apcc | ||
| 050 | 0 | 0 |
_aR726.8 _b.A15 2011 |
| 060 | 0 | 0 | _a2011 B-780 |
| 060 | 1 | 0 | _aWB 310 |
| 060 | 4 |
_aWB 310 _bE56 2011 |
|
| 082 | 0 | 0 |
_a362.175 _222 _bEND |
| 245 | 0 | 0 |
_aEnd of Life Care : _bA Practical Guide / _ceditors, Barry M. Kinzbrunner, Joel S. Policzer. |
| 250 | _a2nd ed. | ||
| 260 |
_aNew York : _bMcGraw-Hill Medical, 2011 _cc2011. |
||
| 300 |
_axxii, 858 p. ; _c24 cm. |
||
| 500 | _aRev. ed. of: 20 common problems in end-of-life care / editors, Barry M. Kinzbrunner, Neal J. Weinreb, Joel S. Policzer. c2002. | ||
| 504 | _aIncludes bibliographical references and index. | ||
| 505 | 8 | _aMachine generated contents note: Section I -- Preparing Patients for End-of-Life Care -- Predicting Prognosis: How to Decide When End-of-Life Care Is Needed -- How to Help Patients Access End-of-Life Care -- Communicating with Patients and Families -- Part 1: How to Inform the Patient: Conveying Bad News Part 2: Goals of Care and Decision-Making Conversations -- Section II: Management of Symptoms -- How to Work with the Interdisciplinary Team -- Measuring Outcomes and Quality of Life -- Management of Pain at the End of Life -- Dyspnea and Other Respiratory Symptoms -- Gastrointestinal Symptoms near the End of Life -- Neurological Symptoms at the End of Life -- Delirium, Depression, and Anxiety -- Wound Care and Other Dermatologic Problems at the End of Life -- The Last Days: The Actively Dying Patient -- Other Common Symptoms near the End of Life -- Psychosocial and Spiritual Concerns at the End of Life -- The Physicians Role in Spiritual Care -- Psychosocial and Spiritual Assessments -- Grief and Bereavement -- | |
| 505 | 8 | _aSection III: Diagnostic and Invasive Interventions -- Diagnostic Tests and Invasive Procedures in End-of-Life Care -- Palliative Chemotherapy and Radiation Therapy -- Invasive Cardiac Interventions --Invasive Respiratory Care -- Part 1: Invasive Respiratory Interventions -- Part 2: Discontinuation of Mechanical Ventilation -- Ethical Dilemmas -- Advance Directives and CPR at the End of Life -- Euthanasia, Physician-Assisted Suicide, and Palliative Sedation -- Artificial Nutrition and Hydration -- Section V: Specific Population -- End-of-Life Care in Patients with AIDS -- Care of the Pediatric Patient at the End of Life - Grief and Bereavement in Children -- End-of-Life Care and Critical Care: ICU and the ER -- Hospice in Long-Term Care -- The Geriatric Patient: Pain Management -- Section VI: Diversity -- Cultural Diversity and End-of-Life Care -- Religious Diversity and End-of-Life Care. | |
| 520 | _a"The most thorough text available on providing patients and families with quality end-of-life care. End of Life Care: A Practical Guide offers solution-oriented coverage of the real-world issues and challenges that arise daily for clinicians caring for those with life-limiting illnesses and conditions. End of Life Care: A Practical Guide includes specific clinical guidance for pain management and other common end of life symptoms. The second edition has been made even more essential with the addition of chapter-ending Q&A for self assessment and board review, new coverage of multicultural medicine, an increased number of algorithms to assist decision making on complicated clinical, legal, and ethical issues. Six sections walk you through the complexities of caring for patients who are nearing the end of life."--Provided by publisher. | ||
| 650 | 0 |
_aTerminal care. _927291 |
|
| 650 | 0 |
_aTerminally ill _xCare. _927292 |
|
| 650 | 0 |
_aHospice care. _927293 |
|
| 650 | 1 | 2 |
_aTerminal Care _xmethods. _927294 |
| 650 | 2 | 2 |
_aAdvance Directives. _927295 |
| 650 | 2 | 2 |
_aPalliative Care _xmethods. _927296 |
| 650 | 2 | 2 |
_aPalliative Care _xpsychology. _927297 |
| 650 | 2 | 2 |
_aTerminal Care _xpsychology. _927298 |
| 653 |
_bNUR _cSeptember2011 |
||
| 700 | 1 |
_aKinzbrunner, Barry M. _927299 |
|
| 700 | 1 |
_aPoliczer, Joel S. _927300 |
|
| 730 | 0 |
_a20 common problems in end-of-life care. _927301 |
|
| 942 |
_2ddc _cNRB |
||
| 999 |
_c16061 _d16061 |
||